00383nam a2200181Ia 4500003000900000008004100009040001300050040001300063041000800076100001900084245003900103250001100142260001200153260000900165300001100174300001000185490000600195IT-RoPAU120407s9999 xx 000 0 und d aIT-RoPAU cIT-RoPAU aita aCharles Morris aLineamenti di una teoria dei segni aTorino aParavia c1954 a164 p. c20 cm v1